[Event "Poikovsky Karpov 04th"]
[Site "Poikovsky"]
[Date "2003.04.27"]
[Round "7"]
[White "Lautier, Joel"]
[Black "Rublevsky, Sergei"]
[Result "1/2-1/2"]
[WhiteElo "2666"]
[BlackElo "2670"]
[Annotator "Huzman,A"]
[PlyCount "99"]
[EventDate "2003.04.20"]
[EventType "tourn"]
[EventRounds "9"]
[EventCountry "RUS"]
[EventCategory "16"]
[SourceTitle "CBM 095"]
[Source "ChessBase"]
[SourceDate "2003.07.25"]
[SourceVersion "1"]
[SourceVersionDate "2003.07.25"]
[SourceQuality "1"]

1. d4 d5 2. c4 dxc4 3. Nf3 e6 4. e3 c5 5. Bxc4 a6 6. O-O Nf6 7. Bb3 b5 8. a4 b4
9. Nbd2 Be7 10. e4 cxd4 11. e5 Nfd7 12. Nc4 Nc6 13. Nxd4 $146 {This rather
interesting pawn sacrifice seems well justified by White's development
advantage.} (13. Bg5 O-O 14. Bxe7 Qxe7 15. Rc1 Bb7 16. Bc2 Rab8 17. Nxd4 {
1/2-1/2 Gleizerov,E-Skripchenko Lautier,A/Saint Vincent 2001/CBM 80 ext (17)})
(13. a5 Nc5 14. Ba4 Nxa4 15. Qxa4 Bd7 16. Qb3 O-O 17. Rd1 Be8 {1/2-1/2
Prokopchuk,E-Volzhin,A/Tomsk 2001/CBM 82 ext (17)}) (13. Bf4 Nc5 14. Nd6+ Bxd6
15. exd6 Nxb3 16. Qxb3 O-O 17. Rfd1 Qf6 18. Qc2 Bd7 19. Bg5 Qg6 20. Qxg6 hxg6
21. Nxd4 $11 {1/2-1/2 Peng,Z-Skripchenko Lautier,A/Leon 2001/EXT 2002 (40)})
13... Ncxe5 (13... Ndxe5 14. Nxc6 Qxd1 (14... Nxc6 15. Qxd8+ Bxd8 16. Rd1 O-O
17. Be3 Bf6 18. Rac1 $44) 15. Rxd1 Nxc6 16. Bf4 Bb7 17. Rac1 $44) 14. Bf4 Nxc4
15. Bxc4 (15. Nc6 $5 Qb6 16. Nxe7 Kxe7 (16... Na5 17. Rc1 Kxe7 18. Bc7 $16) 17.
Bxc4 Bb7 18. Rc1 Rac8 19. Qg4 Nf6 20. Qg3 Rhd8 $15) 15... Nb6 (15... Bb7 16.
Bxe6 fxe6 17. Nxe6 Qb6 18. Re1 $44 (18. Nc7+ Kd8 19. Nxa8 Bxa8 20. Rc1 $44) (
18. Nxg7+ Kd8 19. Rc1 Rc8 20. Qe2 $44)) (15... Qb6 16. a5 Qc5 17. Rc1 $40) 16.
Bb3 Bf6 (16... Bb7 $5 17. a5 Nd5 18. Ba4+ Kf8 19. Qf3 Bf6 (19... Rc8 20. Bc7 $1
Nxc7 21. Qxb7 Rb8 22. Qa7 Ra8 23. Qb7 Qxd4 24. Qxc7 Bd6 25. Qc6 Rd8 26. Rad1
Qe5 27. g3 $11) 20. Bc6 Bxd4 21. Bxb7 Ra7 22. Bxd5 Qxd5 23. Qxd5 exd5 24. Rfd1
Bxb2 25. Rab1 Bc3 26. Bd6+ Ke8 27. Bxb4 Bxb4 28. Rxb4 Ke7 $11) 17. Nc6 Qxd1 (
17... Qd7 18. Nxb4 Bxb2 19. Rb1 Bc3 20. a5 $44) 18. Rfxd1 O-O 19. a5 $14 Nd5 $1
(19... Nd7 20. Rac1 g5 21. Bd6 Re8 22. Ba4 $1 $16) 20. Bxd5 exd5 21. Nxb4 Be6 (
21... d4 22. Nd5 Rd8 23. Nxf6+ gxf6 $14) 22. Nxd5 Bxb2 23. Rab1 Rfd8 $6 (23...
Bxd5 24. Rxd5 Rfd8 25. Rxd8+ Rxd8 26. h3 Bc3 27. Bc7 $14) (23... Rad8 $5 24.
Bd6 (24. Ne7+ Kh8 25. Bd6 Bb3 26. Nc6 Bxd1 27. Nxd8 Rxd8 28. Rxb2 $11) 24...
Rfe8 25. Nc7 Bf5 26. Nxe8 Bxb1 27. Rxb1 Rxe8 $11) 24. Nc7 Rac8 25. Nxa6 Bf5 26.
Bc7 (26. Rxd8+ Rxd8 27. Re1 $16) 26... Bxb1 27. Rxd8+ Rxd8 28. Bxd8 {Despite
being a pawn down, Blach has considerable drawing chances due to an
opportunity to slip into an opposite-coloured Bs endgame.} Kf8 29. Bb6 Ke7 30.
f3 Bf5 31. Nc7 Kd6 32. a6 Bd4+ $1 33. Bxd4 Kxc7 34. Bxg7 Kb6 35. Kf2 Kxa6 36.
Ke3 Kb7 37. Kf4 Bd3 38. Kg5 Kc6 39. Kf6 Bc4 40. h4 (40. Bh6 Kd7 41. Kg7 Ke6 42.
Kxh7 Bf1 43. g3 Bg2 44. f4 Bh3 $11) 40... Kd7 41. Bh6 Bf1 42. g3 Be2 43. f4 Ke8
44. Kg7 Bg4 45. Kxh7 Ke7 46. Kg7 Ke6 47. Bg5 Kf5 $1 {A nice touch -a blockade
at its fullest.} 48. Kxf7 Bh5+ 49. Kg7 Bd1 50. Be7 1/2-1/2

[Event "FIDE-Wch k.o."]
[Site "Moscow"]
[Date "2001.12.01"]
[Round "3.1"]
[White "Shirov, Alexei"]
[Black "Motylev, Alexander"]
[Result "1/2-1/2"]
[WhiteElo "2706"]
[BlackElo "2641"]
[Annotator "Huzman,A"]
[PlyCount "99"]
[EventDate "2001.11.27"]
[EventType "k.o."]
[EventRounds "7"]
[EventCountry "RUS"]
[SourceTitle "CBM 086"]
[Source "ChessBase"]
[SourceDate "2002.02.05"]
[SourceVersion "1"]
[SourceVersionDate "2002.02.05"]
[SourceQuality "1"]

1. d4 d5 2. c4 dxc4 3. Nf3 Nf6 4. e3 e6 5. Bxc4 c5 6. O-O a6 7. dxc5 Bxc5 8.
Qxd8+ Kxd8 9. Nbd2 Ke7 10. Be2 Bd7 11. Nb3 Ba7 (11... Bb6 12. Bd2 Nc6 13. Bc3
Rhd8 (13... Rhg8 14. Rfd1 Rac8 15. Ng5 Rgd8 16. Bf3 Be8 17. Rxd8 Rxd8 18. Rc1
h6 19. Ne4 Nxe4 20. Bxe4 f6 $11 {1/2-1/2 Kozul,Z-Topalov,V/Sarajevo BIH 2001/
(49)}) 14. Nfd2 Be8 15. Nc4 Bc7 16. Rac1 g6 17. Nba5 Rab8 18. Nxc6+ Bxc6 19.
Ne5 Nd5 20. Nxc6+ bxc6 21. Bd4 $16 {0-1 Gelfand,B-Shirov,A/Monaco MNC 2001/(51)
}) 12. Bd2 Nc6 13. Na5 (13. Bc3 Rhg8 {like in the game Kozul-Topalov,2001.})
13... Rhc8 $1 14. Nxc6+ (14. Nxb7 Rcb8 15. Na5 (15. Bxa6 Bb6 16. b4 Rxa6 17. b5
Ra4 $19) 15... Nxa5 16. Bxa5 Rxb2 17. Bd3 Bb5 $11) 14... Bxc6 15. Ne5 Bb5 $1
16. Bxb5 axb5 17. Rfc1 Ne4 18. Be1 ({more accurate was} 18. Bb4+ Ke8 (18... Kf6
19. Nd7+ Kf5 20. Kf1) (18... Bc5 19. Nd3 Bxb4 20. Nxb4 Rc4 21. a3 $11) 19. Kf1
$11) 18... Bc5 19. Nd3 (19. a3 Bd6 (19... Rd8 20. Kf1 $11) 20. Nd3 Rc4 21. Kf1
Rd8 $36) 19... Bd6 20. Rd1 (20. a3 Rc4 21. Bb4 Rac8 $36) 20... Rc2 21. a3 (21.
f3 Nc5 22. Rac1 Rc4 23. Nb4 $11) 21... g5 22. Rac1 (22. f3 Nc5 23. Rac1 Rc4 24.
Nxc5 Bxc5 25. Kf2 $11) 22... Rac8 23. f3 Rxc1 24. Nxc1 (24. Rxc1 Rxc1 25. Nxc1
Bc5 26. Bb4 $11) 24... Bc5 25. Rd3 Nf6 26. Nb3 Bb6 27. Bb4+ Ke8 28. Bc3 Nd5 29.
Kf2 (29. Bd4 Rc2 (29... Bxd4 30. Nxd4 $14) 30. Bxb6 Nxb6 31. Rd2 Rxd2 32. Nxd2
Nc4 33. Nxc4 bxc4 34. Kf2 Kd7 35. Ke2 Kc6 36. Kd2 Kc5 37. Kc3 $11) 29... Ke7
30. Ke2 Nxc3+ 31. Rxc3 Rxc3 32. bxc3 Bc7 33. h3 Bd6 34. Nd4 $11 {It is very
difficult to disbalance position after exchange of weak pawns a3 and b5.} Bxa3
35. Nxb5 Bc5 36. Kd3 Kd7 37. g4 Kc6 38. c4 f5 39. e4 fxg4 40. fxg4 Bf2 41. e5
Bg3 42. Nd4+ Kd7 43. Ke4 Bf2 44. Nb5 Bc5 45. Kd3 Kc6 46. Nc3 h6 47. Ne4 b5 48.
cxb5+ Kxb5 49. Nf6 Kc6 50. Ke4 1/2-1/2

[Event "Linares 18th"]
[Site "Linares"]
[Date "2001.03.01"]
[Round "6"]
[White "Karpov, Anatoly"]
[Black "Shirov, Alexei"]
[Result "1/2-1/2"]
[WhiteElo "2679"]
[BlackElo "2718"]
[Annotator "Huzman,A"]
[PlyCount "87"]
[EventDate "2001.02.23"]
[EventType "tourn"]
[EventRounds "10"]
[EventCountry "ESP"]
[EventCategory "19"]
[SourceTitle "CBM 082"]
[Source "ChessBase"]
[SourceDate "2001.05.17"]
[SourceVersion "1"]
[SourceVersionDate "2001.05.17"]
[SourceQuality "1"]

1. d4 d5 2. c4 dxc4 3. Nf3 Nf6 4. e3 e6 5. Bxc4 c5 6. O-O a6 7. dxc5 Bxc5 8.
Qxd8+ Kxd8 9. Nbd2 Nc6 10. Be2 Ke7 11. a3 (11. b3 b6 12. Ne1 Ne5 13. Bb2 Rd8
14. Rd1 Bd6 15. f4 Neg4 16. Nc4 Bc5 17. Bxf6+ Nxf6 18. Rxd8 Kxd8 19. Nd3 Bd7
20. Nxc5 bxc5 21. Rc1 $14 {1/2-1/2 Kramnik,V-Lautier,J/Monaco 1996/CBM 52 ext 
(33)}) 11... a5 (11... b5 12. b4 Bd6 13. Bb2 Bb7 14. Rfc1 Rac8 {1/2-1/2
Vakhidov,T-Rausis,I/Dhaka BAN 2001/(14)}) 12. b3 b6 13. Bb2 Rd8 14. Rfc1 (14.
Rfd1 $5 Bb7 15. Ne1 Rd7 16. Nd3 Rad8 17. Nxc5 bxc5 18. Nc4 Ba6 19. Rxd7+ Rxd7
20. Ne5 Nxe5 21. Bxa6 Nd3 22. Bc3 Ne4 23. Bxa5 Ndxf2 24. Bb5 Rb7 25. a4 $16 {
1-0 Piket,J-Shirov,A/Monaco MNC 2001/ (39)}) 14... Bb7 15. Bxf6+ gxf6 16. Ne4
Bd6 17. Nxd6 Rxd6 $14 {/=} 18. Rc3 {[%cal Ga1c1,Gc1c7,Ge2b5]} f5 $5 19. Rac1
Kf6 20. Ne1 (20. Bb5 Ne7 21. Nd4 e5 22. Ne2 Rad8 $11) 20... Ne7 21. Kf1 Rad8
22. Rc7 Bd5 23. b4 axb4 24. axb4 e5 {[%csl Rb4,Rb6][%cal Yd5e6,Ye7d5]} 25. b5 (
25. Nd3 Ng6) 25... Be6 26. Nf3 Nd5 27. R7c6 (27. R7c4 h6 28. Rh4 Rh8 29. Ke1
Ne7 $11) 27... Rxc6 (27... f4 28. e4 Nb4 29. Rxd6 Rxd6) 28. bxc6 (28. Rxc6 Rc8
29. Ke1 Rxc6 30. bxc6 Nc7 $1 $17) 28... Rc8 (28... Nc7 $5) 29. Ke1 Nb4 30. Bb5
Rc7 (30... Bd5 31. c7 (31. Rd1 Bxc6 $17) 31... Be6 32. Kd2 Nd5 $17) 31. Nd2 Bd5
32. f3 Ke6 (32... Bxc6 33. Rc4 Nd3+ 34. Ke2 Nc5 35. Bxc6 Rxc6 36. Rb4 $15) 33.
Kd1 Kd6 34. Nc4+ Kc5 (34... Bxc4 35. Rxc4 Nxc6 36. Bxc6 Rxc6 37. Rh4 $11) 35.
Na3+ Kd6 36. Nc4+ Bxc4 37. Rxc4 Nd5 38. Kd2 Ra7 39. Rc2 Ra3 40. c7 (40. e4 fxe4
41. fxe4 Nc7 42. Bc4 f6 $15) 40... Nxc7 41. Rc6+ Kd7 42. Rxb6+ Nxb5 43. Rxb5
Ra2+ 44. Ke1 1/2-1/2

[Event "Evry 1st"]
[Site "Evry"]
[Date "2001.03.21"]
[Round "7"]
[White "Justo, Damian"]
[Black "Velikov, Petar"]
[Result "1/2-1/2"]
[WhiteElo "2327"]
[BlackElo "2461"]
[Annotator "Huzman,A"]
[PlyCount "41"]
[EventDate "2001.03.??"]
[EventType "tourn"]
[EventRounds "9"]
[EventCountry "FRA"]
[EventCategory "8"]
[SourceTitle "CBM 083"]
[Source "ChessBase"]
[SourceDate "2001.07.05"]
[SourceVersion "1"]
[SourceVersionDate "2001.07.05"]
[SourceQuality "1"]

1. d4 d5 2. c4 dxc4 3. Nf3 Nf6 4. e3 e6 5. Bxc4 a6 6. O-O c5 7. a3 b5 8. Ba2
Bb7 9. Qe2 Nbd7 10. Rd1 Qb8 (10... Qc7 11. Nc3 Bd6 (11... Be7 12. e4 b4 (12...
cxd4 13. Nxd4 O-O 14. Bg5 Rad8 15. Rac1 Bc5 16. Nb3 Bd6 17. g3 Qb8 $11 {
1-0 Kozul,Z-Xu Jun/Biel 1993/CBM 37 (69)}) 13. axb4 cxb4 14. e5 bxc3 15. exf6
Nxf6 16. bxc3 Ne4 17. Bb2 O-O 18. c4 Qf4 19. Rd3 Bd6 20. Bc1 Qg4 21. h3 Qg6 22.
Rb1 Nxf2 23. Kxf2 Be4 24. Rbb3 Bxd3 25. Rxd3 $16 {1-0 Kozul,Z-Nikolic,N/Zagreb
1993/CBM 35 (43)}) 12. e4 cxd4 13. Rxd4 Bc5 14. Rd1 Ng4 15. Rf1 O-O 16. Bg5
Rac8 17. Rac1 Qb8 18. Bh4 Bd6 19. h3 Nge5 20. Nxe5 Bxe5 21. Bb1 Nb6 $11 {
0-1 Eng,H-Huebner,R/BL8384 1984/GER-chT (28)}) 11. Nbd2 (11. Nc3 b4 12. Na4 (
12. Nb1 cxd4 13. exd4 Nd5 14. axb4 Bxb4 15. Nc3 N7f6 16. Nxd5 Nxd5 17. Ne5 Qd6
18. Bd2 O-O 19. f3 Bxd2 20. Qxd2 Nb4 $11 {0-1 Brglez,R-Nikolic Nebojsa/Pula tt
II 1990 (51)}) 12... Bc6 13. Nxc5 Nxc5 14. dxc5 Bxc5 15. axb4 Bxb4 16. Nd4 Bd7
17. e4 Bd6 18. Nf3 Bb5 19. Qd2 Bc7 20. Qg5 O-O 21. e5 Nd5 22. Bb1 f5 23. Rxd5
exd5 24. Bxf5 $44 {1/2-1/2 Lputian,S-Vera,R/Berlin 1982/MCL (60)}) 11... cxd4 (
11... Bd6 $5 12. dxc5 $140 Nxc5 13. b4 Na4 $1 $17) 12. Nxd4 Bd6 13. Nf1 O-O (
13... Nc5 14. f3 (14. b4 Na4 15. Bd2 O-O 16. Be1 Ne4 17. Rac1 Rc8 $36 {[%cal
Ya4c3,Ye4c3]}) 14... O-O 15. e4 $14) 14. b4 $6 (14. f3 Rd8 15. e4 Bc5 16. Be3
Qe5 17. Rac1 Rac8 $11) 14... Nb6 15. Bb2 Na4 16. Rac1 Nxb2 17. Qxb2 Be5 (17...
Rd8 $5) 18. f4 Bc7 19. Bxe6 fxe6 20. Nxe6 Bb6 (20... Rf7 21. Qb3 Kh8 22. Ng5
Re7 23. Nf7+ Kg8 $11 (23... Rxf7 24. Qxf7 Bb6 $13)) 21. Qb3 (21. Qb3 Qa7 (21...
Kh8 22. Nxf8 Qxf8 23. Qe6 Ba7 24. Rc7 $36) 22. Nxf8+ Kxf8 $15) 1/2-1/2

[Event "POL-ch 58th"]
[Site "Warsaw"]
[Date "2001.03.23"]
[Round "6"]
[White "Markowski, Tomasz"]
[Black "Gdanski, Jacek"]
[Result "1/2-1/2"]
[WhiteElo "2595"]
[BlackElo "2543"]
[Annotator "Huzman,A"]
[PlyCount "61"]
[EventDate "2001.03.18"]
[EventType "tourn"]
[EventRounds "13"]
[EventCountry "POL"]
[EventCategory "11"]
[SourceTitle "CBM 082"]
[Source "ChessBase"]
[SourceDate "2001.05.17"]
[SourceVersion "1"]
[SourceVersionDate "2001.05.17"]
[SourceQuality "1"]

1. d4 d5 2. Nf3 Nf6 3. c4 dxc4 4. e3 a6 5. Bxc4 e6 6. O-O c5 7. Bb3 Nc6 8. Nc3
cxd4 9. exd4 Be7 10. Re1 O-O 11. Bf4 Na5 12. d5 Nxb3 13. Qxb3 exd5 (13... Bd6
14. Bxd6 Qxd6 15. Rad1 exd5 16. Nxd5 Nxd5 17. Rxd5 Qf6 18. Nd4 $14 {1/2-1/2
Kaidanov,G-Gurevich,D/Seattle 2000/CBM 80/(49) /=}) (13... Nxd5 $5 14. Rad1
Nxf4 15. Rxd8 Rxd8 16. Rd1 Nd5 17. Nxd5 exd5 18. h3 b5 19. Rxd5 Be6 20. Rxd8+
Rxd8 21. Qc2 {1/2-1/2 Gelfand,B-Shirov,A/New Delhi IND 2000/ (21)}) 14. Rad1
Be6 15. Qxb7 Bc5 $1 16. Be5 Qe7 $1 (16... Qa5 $2 17. Nd4 Bxd4 18. Rxd4 Nd7 19.
Bd6 Nc5 20. Qc7 Qxc7 21. Bxc7 Rfc8 22. Bg3 (22. Bf4 $18) 22... Ne4 23. Nxd5
Bxd5 24. Rxd5 Nxg3 25. hxg3 Rc2 26. Red1 $16 {1/2-1/2 Kramnik,V-Anand,V/Monaco
MNC 2001 (76)}) 17. Qxe7 (17. Qc6 Bb4 18. Re2 Rfc8 19. Qb6 (19. Qa4 Bxc3 20.
Bxc3 Ne4 $11) 19... Nd7 20. Qd4 Nxe5 21. Qxe5 Bxc3 22. bxc3 Qc7 $11) 17... Bxe7
18. Nd4 (18. Bxf6 Bxf6 19. Nxd5 Bxd5 20. Rxd5 Bxb2 $11) 18... Rac8 19. Bg3 (19.
Nde2 Nd7 (19... Ne4 20. Nxd5 $16) 20. Bd4 (20. Nxd5 Bxd5 21. Rxd5 Nxe5 22. Rxe5
Bf6 23. Ra5 Bxb2 24. Rxa6 Ra8 $11) 20... Bg5 $11 21. Nxd5 $140 $2 Bxd5 22. Bxg7
Rfe8 23. Rxd5 Rxe2 $19) 19... Bb4 $1 20. Nxe6 fxe6 21. Rxe6 Bxc3 22. bxc3 Ne4
$1 23. f3 (23. Be5 Nxc3 24. Bxc3 Rxc3 25. Rxa6 Rc2 $11) (23. Rxd5 Nxc3 (23...
Rxc3 24. Rd1 Nxg3 25. fxg3 Rc2 26. Rxa6 h6 27. Rf1 Re8 $11) 24. Rd2 Ne4 $11)
23... Nxc3 24. Rd2 Rf6 (24... Ne4 $11) 25. Re1 h6 26. Bf2 Rf7 27. h3 Rc4 28.
Kh2 Rd7 29. Rc1 Kf7 30. Rcc2 Ke6 31. Rd3 1/2-1/2

[Event "United Insurance 5th"]
[Site "Dhaka"]
[Date "2001.02.24"]
[Round "6"]
[White "Rahman, Ziaur"]
[Black "Volzhin, Alexander"]
[Result "0-1"]
[WhiteElo "2447"]
[BlackElo "2539"]
[Annotator "Huzman,A"]
[PlyCount "98"]
[EventDate "2001.02.19"]
[EventType "tourn"]
[EventRounds "13"]
[EventCountry "BAN"]
[EventCategory "8"]
[SourceTitle "CBM 082"]
[Source "ChessBase"]
[SourceDate "2001.05.17"]
[SourceVersion "1"]
[SourceVersionDate "2001.05.17"]
[SourceQuality "1"]

1. Nf3 d5 2. d4 Nf6 3. c4 dxc4 4. e3 e6 5. Bxc4 c5 6. O-O a6 7. Bb3 cxd4 8.
exd4 Nc6 9. Nc3 Be7 10. Re1 O-O 11. a3 Na5 12. Bc2 b5 13. d5 Re8 14. Qd3 g6 15.
Bg5 (15. b4 Nc4 16. dxe6 Bxe6 17. Nd4 Bd5 18. Bg5 Bb7 19. Bb3 Qd6 20. Bxc4 bxc4
21. Qd2 Ng4 22. Bf4 Bg5 23. Bxd6 Bxd2 24. Rxe8+ Rxe8 25. Nde2 Nf6 {1/2-1/2
Illescas Cordoba,M-Anand,V/Dos Hermanas ESP 1999 (25)}) 15... Nxd5 16. Nxd5
exd5 17. Rxe7 Rxe7 18. Qc3 (18. Bxe7 Qxe7 19. Qxd5 Bb7 20. Qd2 Nc4 21. Qc3 Bxf3
22. Qxf3 Re8 23. h3 Qe5 $17 {0-1 Gustafsson,J-Van den Doel,E/Deizisau-A 2000 
(45)}) 18... Raa7 19. Qf6 (19. Bxe7 Rxe7 20. Nd4 Qc7 $17) (19. Nd4 Qc7 20. Bxe7
Qxc3 21. bxc3 Rxe7 22. a4 bxa4 23. Bxa4 Nc4 $17) 19... Qf8 20. Bd2 (20. Be3
Rxe3 21. fxe3 Qe7 $17) 20... Re6 (20... Rac7 21. Bc3 Rxc3 22. Qxc3 Nc4 $17) 21.
Qh4 Nc6 (21... Re2 $2 22. Bb4 Qe8 23. Nd4 Rae7 (23... Rxc2 24. Nxc2 Nc6 25. Re1
Be6 26. Bc3 $44) 24. Nxe2 Rxe2 25. Bd3 Nb3 26. Bxe2 Nxa1 27. Bd1 $16 {[%csl
Ra1]}) 22. Ng5 Qg7 23. Nxe6 Bxe6 $17 24. Bc3 d4 25. Bd2 {[%tqu "En","Find a
brilliant combination","","","d4d3","",10]} d3 $1 26. Bc3 {[%tqu "En","What is
the idea of Black?","","","d3c2","",10]} dxc2 $3 {[%mdl 576]} 27. Bxg7 Rd7 $1
28. Rf1 Rd1 29. Bh6 Bc4 $19 30. h3 Rxf1+ 31. Kh2 c1=Q 32. Bxc1 Rxc1 33. Qf4 Re1
34. b3 Bxb3 35. Qf3 Nd4 36. Qc3 Rd1 37. Qc8+ Kg7 38. Qxa6 Ba4 39. Qc8 Ne6 40.
Qc3+ Kg8 41. Qe5 Rd3 42. Qb8+ Nf8 43. f4 Rxa3 44. g4 Rd3 45. f5 Rd5 46. Qb7 Bb3
47. f6 Bc4 48. h4 h5 49. g5 Rd4 0-1

[Event "Elbow Beach Club GM-B"]
[Site "Paget Parish"]
[Date "2001.01.29"]
[Round "10"]
[White "Doettling, Fabian"]
[Black "Thorhallsson, Throstur"]
[Result "1-0"]
[WhiteElo "2509"]
[BlackElo "2462"]
[Annotator "Huzman,A"]
[PlyCount "65"]
[EventDate "2001.01.19"]
[EventType "tourn"]
[EventRounds "11"]
[EventCountry "BER"]
[EventCategory "9"]
[SourceTitle "CBM 081"]
[Source "ChessBase"]
[SourceDate "2001.03.20"]
[SourceVersion "1"]
[SourceVersionDate "2001.03.20"]
[SourceQuality "1"]

1. d4 d5 2. c4 dxc4 3. e3 Nf6 4. Bxc4 e6 5. Nf3 c5 6. O-O a6 7. dxc5 Qxd1 8.
Rxd1 Bxc5 9. Nbd2 Nbd7 10. Be2 b5 (10... b6 11. Nb3 (11. Nc4 Bb7 12. b3 O-O 13.
Bb2 Bd5 (13... b5 14. Na5 Bd5 15. Nd4 Rfc8 16. Rac1 e5 17. Nc2 Bb6 18. Nb4 Rxc1
19. Bxc1 Rc8 20. Bd2 Be6 21. Nbc6 Kh8 22. a4 bxa4 23. bxa4 Nc5 24. Nxe5 Nxa4
25. Nac6 a5 26. Ba6 Ra8 27. Bb5 $2 {0-1 Kramnik,V-Anand,V/Monaco Amber Blind
sp 1997 (29)} (27. Bb7 $16)) 14. Rac1 Rfc8 15. Nfe5 b5 16. Nxd7 Nxd7 17. Nd2
Bb4 18. Nb1 Nb6 19. f3 Rxc1 20. Rxc1 Rc8 21. Rxc8+ Nxc8 22. Ba3 Bxa3 23. Nxa3
b4 24. Nc2 a5 25. Ba6 Nb6 26. e4 Bc6 27. Kf2 {1/2-1/2 Kramnik,V-Lautier,J/
Monte Carlo 1997/CBM 57 ext (27)}) 11... Be7 12. Nfd2 Bb7 13. Nc4 Bd5 14. Bd2
Rc8 15. Rdc1 O-O 16. f3 Bb7 17. e4 a5 18. Be3 a4 19. Nbd2 Bc5 20. Bxc5 Rxc5 21.
Nd6 $14 {1/2-1/2 Botvinnik,I-Donchenko,A/Minsk 1993/EXT 97 (63)}) 11. Nb3 {
If Black wanted to keep Bishop on a7-g1 diagonal,they`d better do it
immidiately.} Be7 (11... Bb6 $142 12. Bd2 (12. a4 bxa4 13. Rxa4 Bb7 14. Bd2 O-O
15. Rda1 Rfb8 16. Bxa6 Bxa6 17. Rxa6 Rxa6 18. Rxa6 Bxe3 19. Bxe3 Rxb3 20. Ra8+
Rb8) 12... Bb7 13. Ba5 $14) 12. Nfd4 Bb7 13. f3 (13. Na5 Bd5 14. f3 Bc5 (14...
Bd8 15. Bd2 Bb6 16. Bb4 $36) 15. Kf1 Bb6 $11) 13... Bd8 14. e4 Bb6 15. Be3 O-O
16. a4 $36 {<<} bxa4 17. Rxa4 Rfb8 18. Na5 h6 (18... e5 19. Nf5 Bxe3+ 20. Nxe3
$16) 19. Kf2 g5 20. Nxb7 Rxb7 21. b4 (21. Rxa6 $16) 21... Rba7 (21... Nb8 22.
Rda1 Nfd7 23. b5 (23. Bxa6 Nxa6 24. Rxa6 Rxa6 25. Rxa6 Bxd4 26. Bxd4 Rxb4 27.
Ra8+ Rb8) 23... a5 (23... e5 24. Nf5 Bxe3+ 25. Kxe3 Nc5 26. R4a3 Rb6 27. Rc1
$18 Nbd7 $140 28. bxa6 Nxa6 29. Rc8+ $1 Rxc8 30. Ne7+ Kg7 31. Nxc8 $18) 24. Nb3
$16) 22. Rda1 Nb8 23. Nb5 Bxe3+ (23... axb5 24. Rxa7 Rxa7 25. Rxa7 Bxa7 26.
Bxa7 Na6 27. Bd4 Nh5 28. Bc3 Nc7 29. Be5 Na6 30. Bd6 $18) (23... Rb7 24. Bxb6
Rxb6 25. Nc7 Ra7 26. Nxa6 Nxa6 27. b5 $18) 24. Kxe3 Rb7 (24... Rd7 25. Nd4 Rda7
26. Ra5 $18 {[%cal Gb4b5]}) 25. Nd6 Rb6 (25... Rd7 26. Nc8 Rb7 27. b5 $18) 26.
Nc8 Rb7 27. b5 Nbd7 28. Nd6 Rc7 29. Rxa6 Rb8 30. Rc6 Rxc6 31. bxc6 Rb3+ 32. Kf2
Nb6 33. Ra6 1-0

[Event "EU-ch 2nd"]
[Site "Ohrid"]
[Date "2001.06.03"]
[Round "3"]
[White "Romanishin, Oleg M"]
[Black "Rublevsky, Sergei"]
[Result "1-0"]
[WhiteElo "2559"]
[BlackElo "2657"]
[Annotator "Huzman,A"]
[PlyCount "57"]
[EventDate "2001.06.01"]
[EventType "swiss"]
[EventRounds "13"]
[EventCountry "YUG"]
[SourceTitle "CBM 084"]
[Source "ChessBase"]
[SourceDate "2001.09.13"]
[SourceVersion "1"]
[SourceVersionDate "2001.09.13"]
[SourceQuality "1"]

1. d4 d5 2. c4 dxc4 3. Nf3 e6 4. e3 c5 5. Bxc4 a6 6. O-O Nf6 7. Bb3 Nc6 8. Nc3
b5 9. d5 exd5 10. a4 Nb4 11. axb5 Bd6 12. e4 dxe4 13. Bg5 $1 $146 (13. Ng5 O-O
14. Ncxe4 Nxe4 15. Nxe4 Bxh2+ 16. Kxh2 Qh4+ 17. Kg1 Qxe4 18. Re1 Qf5 (18... Qg6
$5 19. Re5 $5 (19. Qf3 Be6 $17) (19. Re7 Be6 20. Bxe6 fxe6 21. Qe2 Nd3 22. Rxe6
Rxf2 23. Qe4 Qxe4 24. Rxe4 Rf6 25. Be3 Rb6 $15) 19... Bb7 20. Rg5 Qe4 21. Rg4
Qe5 22. Bh6 Rfd8 23. Qe1 Qxe1+ 24. Rxe1 g6 25. b6 $44) 19. Be3 $6 (19. Qd6 $1 {
Huzman} Nd3 20. Re2 Bb7 21. Bc2 Rad8 22. Bxd3 $11) 19... Bb7 {1-0 Georgiev,
V-Lazarev,V/Elgoibar 1999/CBM 75/[Huzman] (39)} (19... Be6 $1 {Huzman} 20. Bxe6
fxe6 $17)) 13... exf3 (13... Bf5 14. Nd2 (14. Re1 O-O 15. Nxe4 Bxe4 16. Rxe4
Bxh2+ $17) (14. Nh4 Bg4 (14... Bg6 15. Nxg6 hxg6 16. h3 $36) 15. Qe1 (15. f3
exf3 16. gxf3 Be6 17. Bxe6 fxe6 18. Qe2 $32) 15... O-O 16. Nxe4 Be7 17. Ng3 Qd7
18. bxa6 Rxa6 19. Rxa6 Nxa6 20. Qe5 $36 {/=}) 14... axb5 (14... Bc7 15. b6 $1
$36) 15. Rxa8 Qxa8 16. Bxf6 gxf6 17. Ndxe4 Be5 18. Nd6+ $16) (13... Bb7 14.
bxa6 Nxa6 15. Ba4+ Kf8 16. Nd2 $44 h6 $140 17. Bxf6 Qxf6 18. Ndxe4 Bxh2+ 19.
Kxh2 Bxe4 20. Nxe4 Qh4+ 21. Kg1 Qxe4 22. Bb5 Nb4 23. Re1 $18) 14. Re1+ Be7 (
14... Kf8 15. Qxf3 (15. Bxf6 Qxf6 16. Ne4 Bxh2+ 17. Kxh2 Qh4+ 18. Kg1 fxg2 19.
Kxg2 Bb7 20. Qf3 Qe7 $17) 15... Ra7) (14... Be6 15. Bxe6 fxe6 16. Rxe6+ Be7 17.
Qxf3 O-O (17... Kf7 18. Rae1 Ra7 19. Bxf6 gxf6 20. Qh5+ Kg7 21. Qg4+ Kf8 22. b6
Rd7 23. Qf5 $44) 18. Rd1 $44) 15. Qxf3 Be6 $2 (15... Ra7 16. Bxf6 gxf6 17. Rad1
Qb6 18. Na4 Qb7 19. Qh5 O-O 20. b6 Ra8 21. Nxc5 Bxc5 22. Qxc5 Nc6 23. Rd6 Bd7
24. Rxf6 Rae8 25. Re3 $16) 16. Rad1 Qc8 (16... Qb8 17. Bf4 Bxb3 (17... Qc8 18.
Rxe6 fxe6 19. Bxe6 Qd8 20. Rxd8+ Rxd8 21. bxa6 $18)) 17. Rxe6 $1 fxe6 18. Bxe6
Qxe6 (18... Qb8 19. Bf4 Qa7 20. b6 $18) 19. Qxa8+ Kf7 20. Qxh8 $18 Nd3 21. bxa6
Nxf2 (21... Qxa6 22. Bxf6 Bxf6 23. Qxh7 Nxb2 24. Qh5+ Kg8 25. Re1 $18) 22. Rf1
$1 N2g4 23. h3 $1 (23. a7 c4) 23... Qe5 24. hxg4 Qxg5 25. Qxh7 $1 Ke8 26. Qh8+
Kd7 27. a7 Nxg4 28. Rd1+ $1 Ke6 29. Re1+ 1-0